Statistics for Polynesian Languages

Click here to take the quiz!

General Stats

  • This quiz has been taken 35 times
  • The average score is 8 of 12

Answer Stats

Speakers Polynesian Language % Correct
510,000Samoan
100%
187,000Tongan
97%
149,000Māori
93%
21,500Rarotongan
(Cook Islands Māori)
93%
12,000Tuvaluan
87%
24,000Hawaiian
83%
68,000Tahitian
73%
7,700Niuean
53%
8,700Marquesan
30%
6,600Futunan
23%
10,400Wallisian (Uvean)
20%
5,000Austral
3%

Score Distribution

Percentile by Number Answered

Percent of People with Each Score

Your Score History

You have not taken this quiz